000 00787cam a2200277 4500
008 090401t1998 xxu||||| |||| 00| 0 eng d
020 _a0860174808
035 _a(Sirsi) u86808
041 _aeng
050 _a693.892
100 _aLedbetter, S.R.
245 _aSealant joints in the external envelope of buildings : a guide to design, specification and construction.
260 _aLondon
_bCIRIA
_c1998
300 _a195p. : ill. ; 30cm.
350 _a68
490 _aCIRIA Report
_v178
650 _aBUILDING ENVELOPE
650 _aJOINTS
650 _aSEALANTS
690 _aBUILT ENVIRONMENT
700 _aHurley, S.
700 _aSheehan, A.
710 _aConstruction Industry Research and Information Association
_94810
942 _n0
948 _c15/06/1998
999 _c97176
_d97176